Secularism in India/ (Record no. 17658)
[ view plain ]
| 000 -LEADER | |
|---|---|
| fixed length control field | 00802cam a22002771 4500 |
| 001 - CONTROL NUMBER | |
| control field | 3696752 |
| 003 - CONTROL NUMBER IDENTIFIER | |
| control field | ASL |
| 005 - DATE AND TIME OF LATEST TRANSACTION | |
| control field | 20231015025622.0 |
| 008 - FIXED-LENGTH DATA ELEMENTS--GENERAL INFORMATION | |
| fixed length control field | 170705s1968 ii b 000 0 eng |
| 010 ## - LIBRARY OF CONGRESS CONTROL NUMBER | |
| LC control number | 78901700 |
| 020 ## - INTERNATIONAL STANDARD BOOK NUMBER | |
| Terms of availability | 21.00 |
| 040 ## - CATALOGING SOURCE | |
| Original cataloging agency | DLC |
| Transcribing agency | ASL |
| Modifying agency | ASL |
| 043 ## - GEOGRAPHIC AREA CODE | |
| Geographic area code | a-ii--- |
| 050 00 - LIBRARY OF CONGRESS CALL NUMBER | |
| Classification number | BL2765.I5 |
| Item number | S55 |
| 082 00 - DEWEY DECIMAL CLASSIFICATION NUMBER | |
| Classification number | 211.54 |
| Item number | SEC |
| 245 10 - TITLE STATEMENT | |
| Title | Secularism in India/ |
| Statement of responsibility, etc. | Editor, V. K. Sinha. |
| 260 ## - PUBLICATION, DISTRIBUTION, ETC. | |
| Place of publication, distribution, etc. | Bombay: |
| Name of publisher, distributor, etc. | Lalvani Pub. House, |
| Date of publication, distribution, etc. | 1968. |
| 300 ## - PHYSICAL DESCRIPTION | |
| Extent | xviii, 212 p. |
| Dimensions | 23 cm. |
| 504 ## - BIBLIOGRAPHY, ETC. NOTE | |
| Bibliography, etc. note | Bibliographical footnotes. |
| 650 #0 - SUBJECT ADDED ENTRY--TOPICAL TERM | |
| Topical term or geographic name entry element | Secularism |
| Geographic subdivision | India. |
| 9 (RLIN) | 521 |
| 650 #0 - SUBJECT ADDED ENTRY--TOPICAL TERM | |
| Topical term or geographic name entry element | Religion and state |
| Geographic subdivision | India. |
| 9 (RLIN) | 522 |
| 651 #0 - SUBJECT ADDED ENTRY--GEOGRAPHIC NAME | |
| Geographic name | India |
| General subdivision | Politics and government |
| Chronological subdivision | 1947- |
| 9 (RLIN) | 523 |
| 700 ## - ADDED ENTRY--PERSONAL NAME | |
| Relationship | Editor |
| Personal name | Sinha, V. K. |
| 9 (RLIN) | 524 |
| 906 ## - LOCAL DATA ELEMENT F, LDF (RLIN) | |
| a | 7 |
| b | cbu |
| c | orignew |
| d | 4 |
| e | ncip |
| f | 19 |
| g | y-gencatlg |
| 942 ## - ADDED ENTRY ELEMENTS (KOHA) | |
| Source of classification or shelving scheme | Dewey Decimal Classification |
| Koha item type | Books |
| Withdrawn status | Lost status | Source of classification or shelving scheme | Damaged status | Not for loan | Collection code | Home library | Current library | Shelving location | Date acquired | Source of acquisition | Total Checkouts | Full call number | Barcode | Date last seen | Copy number | Price effective from | Koha item type | Public note |
|---|---|---|---|---|---|---|---|---|---|---|---|---|---|---|---|---|---|---|
| Dewey Decimal Classification | Not For Loan | Non-fiction | Asiatic Society Library | Asiatic Society Library | Harrison Collection | 02/05/2020 | Donated by Prof. John B. Harrison | 211.54 SEC | 100796 | 07/05/2017 | C-1 | 07/05/2017 | Books | RARE | ||||
| Dewey Decimal Classification | Non-fiction | Asiatic Society Library | Asiatic Society Library | General Stacks | 12/24/2020 | ASB Collection | 211.54 SEC | 103460 | 12/24/2020 | C-2 | 12/24/2020 | Books | ||||||
| Dewey Decimal Classification | Not For Loan | Non-fiction | Asiatic Society Library | Asiatic Society Library | Harrison Collection | 04/20/2022 | Donated by Prof. John B. Harrison | 211.54 SEC | 116505 | 04/20/2022 | C-3 | 04/20/2022 | Books | RARE |